| Tag |
First Indicator |
Second Indicator |
Subfields |
| LEADER |
00000cam a2200000 a 4500 |
| 001 |
in00001403351 |
| 005 |
20151020055501.0 |
| 008 |
970114s1997 enk b 001 0 eng |
| 010 |
|
|
|a 97001608
|
| 015 |
|
|
|a GB97-70464
|
| 020 |
|
|
|a 041515829X
|
| 020 |
|
|
|a 0415158303 (pbk.)
|
| 035 |
|
|
|a (OCoLC)36260379
|
| 035 |
|
|
|9 AHN4586AM
|
| 040 |
|
|
|a DLC
|c DLC
|d UKM
|d C#P
|d TXA
|d UtOrBLW
|
| 043 |
|
|
|a e-uk---
|
| 049 |
|
|
|a TXAM
|
| 050 |
0 |
0 |
|a HV1441.G7
|b Y65 1997
|
| 082 |
0 |
0 |
|a 362.7/086/94
|2 21
|
| 245 |
0 |
0 |
|a Youth, the 'underclass' and social exclusion /
|c edited by Robert MacDonald.
|
| 264 |
|
1 |
|a London ;
|a New York :
|b Routledge,
|c 1997.
|
| 300 |
|
|
|a xii, 228 pages ;
|c 23 cm.
|
| 336 |
|
|
|a text
|b txt
|2 rdacontent
|
| 337 |
|
|
|a unmediated
|b n
|2 rdamedia
|
| 338 |
|
|
|a volume
|b nc
|2 rdacarrier
|
| 504 |
|
|
|a Includes bibliographical references (pages [198]-221) and index.
|
| 650 |
|
0 |
|a Youth with social disabilities
|z Great Britain.
|
| 650 |
|
0 |
|a Urban poor
|z Great Britain.
|
| 650 |
|
0 |
|a Hard-core unemployed
|z Great Britain.
|
| 650 |
|
0 |
|a Marginality, Social
|z Great Britain.
|
| 700 |
1 |
|
|a MacDonald, Robert,
|d 1962-
|
| 999 |
|
|
|a MARS
|
| 999 |
f |
f |
|s 82c0acdb-b06f-3c17-8333-eab7012ae53c
|i b824fe0d-4766-3c16-9ae0-04af90bc1c22
|t 0
|
| 952 |
f |
f |
|p ric
|a Texas A&M University
|b Rellis Campus
|c Joint Library Facility
|d Remote Storage
|t 0
|e HV1441.G7 Y65 1997
|h Library of Congress classification
|i unmediated -- volume
|m A14822133779
|
| 998 |
f |
f |
|a HV1441.G7 Y65 1997
|t 0
|l Remote Storage
|